[Event "19e tournoi de Noël"]
[Site "Montigny le Bretonneux"]
[Date "2018.12.29"]
[Round "5.17"]
[White "Baltzer, Jean-Marc"]
[Black "Couradin, Bruno"]
[Result "1-0"]
[WhiteElo "1388"]
[BlackElo "1610"]
[Annotator "Rivier,Sylvain"]
[PlyCount "79"]
[EventDate "2018.??.??"]

{Ouverture anglaise} 1. c4 e5 2. Nc3 Nf6 3. g3 Bc5 4. Bg2 O-O 5. e4 Nc6 6. h3
a6 7. Nge2 d6 8. O-O Be6 9. d3 Qd7 10. Kh2 h6 11. f4 exf4 12. gxf4 Qe7 13. f5
Bd7 14. Ng3 Ne5 15. Bf4 Bd4 16. Nge2 Ba7 17. Ng3 c6 18. b3 b5 19. d4 Nxc4 20.
bxc4 bxc4 21. Qd2 Rab8 22. Bf3 Nh7 23. Rad1 Rb7 24. Qg2 Rfb8 25. Rd2 f6 26. h4
Be8 27. Bh5 Kh8 28. Qe2 Bf7 29. Rf2 Rd8 30. Rg2 Bb8 31. Bxf7 Qxf7 32. d5 cxd5
33. Nxd5 Rc8 34. Rc2 Rg8 35. Qxc4 g6 36. Bxh6 gxf5 37. Nxf5 Rxg2+ 38. Rxg2 Ng5
39. Bxg5 fxg5 40. Rxg5 1-0

[Event "19e tournoi de Noël"]
[Site "Montigny le Bretonneux"]
[Date "2018.12.29"]
[Round "5.18"]
[White "Rafalimanana, Hary"]
[Black "Klein, Djimmy"]
[Result "0-1"]
[WhiteElo "1162"]
[BlackElo "1524"]
[Annotator "Rivier,Sylvain"]
[PlyCount "46"]
[EventDate "2018.??.??"]

{Défense sicilienne, variante Taïmanov} 1. e4 e6 2. d4 c5 3. Nf3 cxd4 4. Nxd4
Nc6 5. c3 d5 6. e5 Nxe5 7. Bf4 Bd6 8. Qe2 Nc4 9. Bxd6 Nxd6 10. Nd2 a6 11. Qd3
Ne7 12. Qc2 e5 13. N4b3 Qb6 14. Nf3 Bf5 15. Qc1 Ne4 16. Qe3 Qc7 17. O-O-O O-O
18. Kb1 Nxc3+ 19. Ka1 Nxd1 20. Qg5 Nxf2 21. Rg1 Qc2 22. Nfd2 Nd3 23. g4 Qxb2#
0-1

[Event "19e tournoi de Noël"]
[Site "Montigny le Bretonneux"]
[Date "2018.12.29"]
[Round "5.19"]
[White "Meunier, Mathieu"]
[Black "Longbien, Dominique"]
[Result "0-1"]
[WhiteElo "1150"]
[BlackElo "1468"]
[Annotator "Rivier,Sylvain"]
[PlyCount "80"]
[EventDate "2018.??.??"]

{Partie italienne} 1. e4 e5 2. Nf3 Nc6 3. Bc4 Bc5 4. O-O Nf6 5. Nc3 O-O 6. d3
h6 7. Be3 Bb6 8. Qd2 Kh7 9. Rad1 d6 10. Rfe1 Be6 11. Ne2 Qe7 12. Ng3 Ba5 13. c3
Ng4 14. b4 Nxe3 15. Qxe3 Bb6 16. Qd2 f5 17. Bxe6 f4 18. Nf5 Qxe6 19. d4 Ne7 20.
Nxe7 Qxe7 21. dxe5 Rad8 22. Qe2 dxe5 23. Rd2 a5 24. a3 axb4 25. axb4 Rxd2 26.
Qxd2 c5 27. bxc5 Qxc5 28. Rf1 Ba5 29. Qc2 b5 30. Ne1 Rc8 31. Qe2 Bxc3 32. Qh5
Kh8 33. Nf3 Qe7 34. Rb1 b4 35. Qf5 Rf8 36. Qg4 Kh7 37. Rd1 Qf6 38. Rd7 Qg6 39.
Rxg7+ Qxg7 40. Qf5+ Rxf5 0-1

[Event "19e tournoi de Noël"]
[Site "Montigny le Bretonneux"]
[Date "2018.12.29"]
[Round "5.20"]
[White "Chaintreau, Maxime"]
[Black "Touiller, Wiktor"]
[Result "1-0"]
[WhiteElo "1318"]
[BlackElo "1299"]
[Annotator "Rivier,Sylvain"]
[PlyCount "73"]
[EventDate "2018.??.??"]

{Gambit dame, défense semi-slave} 1. d4 d5 2. c4 c6 3. Nc3 Nf6 4. Nf3 e6 5. e3
Bd6 6. Bd3 Nbd7 7. O-O O-O 8. Qc2 e5 9. cxd5 cxd5 10. dxe5 Nxe5 11. Nxe5 Bxe5
12. Bd2 d4 13. Ne2 dxe3 14. Bxe3 Bc7 15. Rad1 Qd6 16. Bxh7+ Nxh7 17. Rxd6 Bxd6
18. Nf4 Bxf4 19. Bxf4 g5 20. Bg3 Bd7 21. Qc7 Bc6 22. Be5 f6 23. Bc3 Rac8 24.
Qd6 Rfd8 25. Qc5 Rd3 26. Qxa7 Rcd8 27. Qa3 Rd1 28. Qb3+ R8d5 29. Rxd1 Ba4 30.
Qxd5+ Kg7 31. Qxb7+ Kg6 32. Qe4+ Kf7 33. Qxa4 g4 34. Qe4 f5 35. Qxf5+ Ke7 36.
Rd7+ Ke8 37. Qf7# 1-0

[Event "19e tournoi de Noël"]
[Site "Montigny le Bretonneux"]
[Date "2018.12.29"]
[Round "5.21"]
[White "Ben Hamouda, Catherine"]
[Black "Charalambides, Tom"]
[Result "1-0"]
[WhiteElo "1010"]
[BlackElo "1040"]
[Annotator "Rivier,Sylvain"]
[PlyCount "65"]
[EventDate "2018.??.??"]

{Partie italienne, guiocco piano} 1. e4 e5 2. Nf3 Nc6 3. Bc4 Nf6 4. d3 Bc5 5.
c3 O-O 6. O-O Nh5 7. Be3 Bb6 8. Nbd2 d6 9. Ng5 Na5 10. Qxh5 h6 11. Bxf7+ Rxf7
12. Nxf7 Qf6 13. Ng5 hxg5 14. Nf3 Nc6 15. Nxg5 Kf8 16. Nh7+ Ke7 17. Nxf6 Kxf6
18. Qg5+ Ke6 19. Qxg7 Bd7 20. h4 Ne7 21. Bxb6 axb6 22. h5 Rg8 23. Qh6+ Kf7 24.
Rae1 Bh3 25. Qh7+ Ke8 26. g3 Bxf1 27. Kxf1 Kf8 28. Qh6+ Rg7 29. Re3 Ng8 30.
Rf3+ Nf6 31. Qxf6+ Kg8 32. h6 Rh7 33. Qf8# 1-0

[Event "19e tournoi de Noël"]
[Site "Montigny le Bretonneux"]
[Date "2018.12.29"]
[Round "6.1"]
[White "Fruchard, Cyrille"]
[Black "Wu, Clara"]
[Result "1-0"]
[WhiteElo "2265"]
[BlackElo "1517"]
[Annotator "Rivier,Sylvain"]
[PlyCount "87"]
[EventDate "2018.??.??"]

{Défense nimzo-indienne, variante Fischer} 1. d4 Nf6 2. c4 e6 3. Nc3 Bb4 4. e3
b6 5. Nge2 Bb7 6. a3 Bxc3+ 7. Nxc3 O-O 8. d5 exd5 9. cxd5 d6 10. Be2 Nbd7 11.
O-O Re8 12. f3 Ne5 13. e4 h6 14. Be3 Qe7 15. Rc1 Rac8 16. Bf2 Nfd7 17. Nb5 a6
18. Nxc7 Red8 19. Nxa6 Rxc1 20. Qxc1 Bxa6 21. Bxa6 Nc5 22. Bb5 Ned3 23. Bxd3
Nxd3 24. Qc2 Nxf2 25. Kxf2 Qb7 26. Rc1 Rd7 27. Qc8+ Kh7 28. Qxb7 Rxb7 29. Rc6
Kg8 30. Rxd6 Kf8 31. Rc6 Ke7 32. e5 Kd7 33. f4 b5 34. Ke3 b4 35. a4 Ra7 36. b3
Rb7 37. Kd4 Ke7 38. Rc7+ Rxc7 39. d6+ Kd7 40. dxc7 Kxc7 41. f5 Kc6 42. e6 fxe6
43. fxe6 Kd6 44. a5 1-0

[Event "19e tournoi de Noël"]
[Site "Montigny le Bretonneux"]
[Date "2018.12.29"]
[Round "6.2"]
[White "Delmas-Goyon, Francois"]
[Black "Imbert, Christophe"]
[Result "1-0"]
[WhiteElo "1887"]
[BlackElo "1978"]
[Annotator "Rivier,Sylvain"]
[PlyCount "87"]
[EventDate "2018.??.??"]

{Défense sicilienne, attaque Canal-Sokolsky} 1. e4 c5 2. Nf3 d6 3. Bb5+ Bd7 4.
Bxd7+ Qxd7 5. d4 cxd4 6. Qxd4 Nc6 7. Qd3 g6 8. Be3 Bg7 9. c3 Nf6 10. h3 O-O 11.
Nbd2 b5 12. Nd4 Ne5 13. Qe2 Qb7 14. O-O Rab8 15. f3 Rfc8 16. Rab1 a5 17. Rfc1
Ned7 18. Nc2 Nc5 19. b3 Nfd7 20. c4 b4 21. Rd1 Ne6 22. Nf1 Qa6 23. Qd2 Bc3 24.
Qf2 a4 25. Bd2 axb3 26. axb3 Qa2 27. Nce3 Bd4 28. Qh4 Bf6 29. Qe1 Ndc5 30. Nd5
Bd4+ 31. Be3 Bxe3+ 32. Nfxe3 Qa7 33. Qh4 Re8 34. Ra1 Qd7 35. Ng4 Kh8 36. Ngf6
exf6 37. Nxf6 Kg7 38. Nxd7 Nxd7 39. Rxd6 Ndc5 40. Qf2 Ra8 41. Qb2+ Kg8 42. Rxa8
Rxa8 43. Rc6 Ra3 44. Rc8+ 1-0

[Event "19e tournoi de Noël"]
[Site "Montigny le Bretonneux"]
[Date "2018.12.29"]
[Round "6.3"]
[White "Artieres, Michel"]
[Black "Brouard, Gregoire"]
[Result "0-1"]
[WhiteElo "1760"]
[BlackElo "2019"]
[Annotator "Rivier,Sylvain"]
[PlyCount "58"]
[EventDate "2018.??.??"]

{Défense française, variante Tarrasch fermée} 1. e4 e6 2. d4 d5 3. Nd2 Nf6 4.
e5 Nfd7 5. Bd3 c5 6. c3 Nc6 7. Ne2 cxd4 8. cxd4 f6 9. exf6 Nxf6 10. O-O Bd6 11.
Nf3 O-O 12. Bf4 Nh5 13. Bxd6 Qxd6 14. Ng3 Nf4 15. Bb5 Ne7 16. Qd2 Neg6 17. Rfe1
Bd7 18. Bd3 Nxd3 19. Qxd3 Nf4 20. Qe3 Rf6 21. Rac1 Raf8 22. Rc2 Nxg2 23. Qe5
Qxe5 24. Nxe5 Nxe1 25. Rc7 Bc6 26. Nh5 Nf3+ 27. Kg2 Nxe5 28. Nxf6+ gxf6 29.
dxe5 fxe5 0-1

[Event "19e tournoi de Noël"]
[Site "Montigny le Bretonneux"]
[Date "2018.12.29"]
[Round "6.4"]
[White "Drouot, Frederic"]
[Black "Benbakir, Chouaib"]
[Result "1/2-1/2"]
[WhiteElo "1987"]
[BlackElo "1828"]
[Annotator "Rivier,Sylvain"]
[PlyCount "65"]
[EventDate "2018.??.??"]

{Défense Pirc} 1. e4 d6 2. d4 Nf6 3. Bd3 g6 4. f4 Bg7 5. Nf3 O-O 6. O-O Nc6 7.
c3 e5 8. d5 Ne7 9. fxe5 dxe5 10. c4 Ne8 11. b4 c6 12. Bb2 Qc7 13. Qb3 b6 14.
Nbd2 Kh8 15. Rae1 f6 16. Rc1 f5 17. c5 bxc5 18. bxc5 Rb8 19. Qa3 cxd5 20. exd5
Nxd5 21. Bc4 Nf4 22. Bc3 Be6 23. Nxe5 Bxc4 24. Rxf4 Bb5 25. Ndf3 Nf6 26. Ng5
Rfe8 27. Qb3 Rxe5 28. Bxe5 Qxe5 29. Rb4 Bc6 30. Rxb8+ Qxb8 31. Nf7+ Kg8 32.
Nh6+ Kh8 33. Nf7+ 1/2-1/2

[Event "19e tournoi de Noël"]
[Site "Montigny le Bretonneux"]
[Date "2018.12.29"]
[Round "6.5"]
[White "Fayolle, Guy"]
[Black "Divies, Renaud"]
[Result "0-1"]
[WhiteElo "1683"]
[BlackElo "2021"]
[Annotator "Rivier,Sylvain"]
[PlyCount "102"]
[EventDate "2018.??.??"]

{Défense sicilienne, variante Paulsen} 1. e4 c5 2. Nf3 e6 3. d4 cxd4 4. Nxd4 a6
5. Bd3 Nc6 6. Be3 Nf6 7. Nxc6 bxc6 8. O-O e5 9. c4 d6 10. h3 Be7 11. Nc3 O-O
12. Kh1 Be6 13. f4 exf4 14. Bxf4 Nd7 15. b3 Bf6 16. Rc1 Ne5 17. Bb1 Qe7 18. Ne2
Rad8 19. Nd4 Qd7 20. Nf3 Qe7 21. Qe2 c5 22. Rcd1 Bc8 23. g4 Nxf3 24. Qxf3 Bb7
25. Rde1 Be5 26. Bxe5 dxe5 27. Rd1 Rd4 28. Kg2 Rfd8 29. Rxd4 Rxd4 30. Rd1 Qd7
31. Rxd4 Qxd4 32. Qd3 g6 33. Qxd4 exd4 34. Kg3 g5 35. Bd3 f6 36. Kf3 Kf7 37.
Kg3 Ke6 38. a3 a5 39. Kf3 Ke5 40. Bc2 d3 41. Bxd3 Kd4 42. Ke2 Bxe4 43. Bxe4
Kxe4 44. Kd2 f5 45. gxf5 Kxf5 46. Kc3 h5 47. b4 cxb4+ 48. axb4 axb4+ 49. Kxb4
g4 50. hxg4+ hxg4 51. c5 Ke6 0-1

[Event "19e tournoi de Noël"]
[Site "Montigny le Bretonneux"]
[Date "2018.12.29"]
[Round "6.6"]
[White "Rouast, Joseph"]
[Black "Verat-Fayolle, Celian"]
[Result "1/2-1/2"]
[WhiteElo "1648"]
[BlackElo "1935"]
[Annotator "Rivier,Sylvain"]
[PlyCount "49"]
[EventDate "2018.??.??"]

{Gambit dame, défense Tarrasch, variante de Prague} 1. d4 d5 2. c4 e6 3. Nf3 c5
4. cxd5 exd5 5. g3 Nf6 6. Bg2 Be7 7. O-O O-O 8. Nc3 Nc6 9. Bg5 cxd4 10. Nxd4 h6
11. Nxc6 bxc6 12. Be3 Be6 13. Na4 Qa5 14. Rc1 Rac8 15. Bc5 Bxc5 16. Rxc5 Qb4
17. a3 Qb7 18. b4 Nd7 19. Rc1 a5 20. Qd2 axb4 21. axb4 Rb8 22. Nc5 Nxc5 23.
Rxc5 Qb6 24. Rfc1 Rfc8 25. e4 1/2-1/2

[Event "19e tournoi de Noël"]
[Site "Montigny le Bretonneux"]
[Date "2018.12.29"]
[Round "6.8"]
[White "Claisse, Patrick"]
[Black "Privat, Jean-Claude"]
[Result "1/2-1/2"]
[WhiteElo "1748"]
[BlackElo "1602"]
[Annotator "Rivier,Sylvain"]
[PlyCount "62"]
[EventDate "2018.??.??"]

{Partie espagnole, défense fermée} 1. e4 e5 2. Nf3 Nc6 3. Bb5 a6 4. Ba4 Nf6 5.
O-O Be7 6. Re1 b5 7. Bb3 d6 8. c3 O-O 9. h3 Be6 10. Bc2 b4 11. d4 d5 12. dxe5
Nxe4 13. c4 Nc5 14. cxd5 Bxd5 15. Nbd2 a5 16. b3 Rb8 17. Bb2 Ne6 18. Rc1 Qd7
19. Bb1 Nf4 20. Nf1 Rfd8 21. Ne3 Rb6 22. Nxd5 Qxd5 23. Qxd5 Rxd5 24. Rc4 Nd3
25. Bxd3 Rxd3 26. Rec1 Nd8 27. Rxc7 Bf8 28. R7c2 Rg6 29. Kf1 Ne6 30. Rc4 Rd5
31. Ne1 Rd2 1/2-1/2

[Event "19e tournoi de Noël"]
[Site "Montigny le Bretonneux"]
[Date "2018.12.29"]
[Round "6.9"]
[White "Fruchard, Alois"]
[Black "Plantet, Marc"]
[Result "0-1"]
[WhiteElo "1411"]
[BlackElo "1745"]
[Annotator "Rivier,Sylvain"]
[PlyCount "72"]
[EventDate "2018.??.??"]

{Défense Nimzo-indienne, système Rubinstein} 1. d4 Nf6 2. c4 e6 3. Nc3 d5 4. e3
Bb4 5. Bd3 O-O 6. Nge2 Nbd7 7. O-O Re8 8. a3 Bd6 9. Ng3 dxc4 10. Bxc4 e5 11.
Qb3 Re7 12. Nf5 e4 13. Nxe7+ Qxe7 14. h3 Nh5 15. Nb5 Nf8 16. Nxd6 cxd6 17. Qd1
Qg5 18. Kh2 Ng6 19. Rg1 Nf6 20. Bd2 Ng4+ 21. Qxg4 Bxg4 22. f3 d5 23. Bb3 Be6
24. Raf1 h5 25. fxe4 dxe4 26. Bc2 f5 27. Rf2 Rc8 28. Ba4 h4 29. g3 Qh6 30. Rfg2
hxg3+ 31. Rxg3 Nh4 32. Bd1 Bd5 33. Be1 Nf3+ 34. Bxf3 exf3 35. Rxg7+ Kh8 36. Re7
Rc2+ 0-1

[Event "19e tournoi de Noël"]
[Site "Montigny le Bretonneux"]
[Date "2018.12.29"]
[Round "6.10"]
[White "Appavou, Calixte"]
[Black "Sondermeijer, Damien"]
[Result "1-0"]
[WhiteElo "1714"]
[BlackElo "1471"]
[Annotator "Rivier,Sylvain"]
[PlyCount "105"]
[EventDate "2018.??.??"]

{Défense sicilienne, variante Scheveningue} 1. e4 c5 2. Nf3 Nc6 3. d4 cxd4 4.
Nxd4 Nf6 5. Nc3 d6 6. Be2 e6 7. Be3 Be7 8. O-O O-O 9. h3 Bd7 10. Nb3 Ne5 11. f4
Ng6 12. Bd3 Bc6 13. Nd4 d5 14. e5 Nd7 15. Nce2 Nc5 16. Bxg6 hxg6 17. Ng3 Bh4
18. Nxc6 bxc6 19. Bxc5 Bxg3 20. Bxf8 Kxf8 21. Rf3 Bh4 22. Kh1 Qb6 23. b3 a5 24.
a4 Rb8 25. Qd3 Qb4 26. Rd1 c5 27. Qa6 Qb6 28. Qxb6 Rxb6 29. g4 Be7 30. f5 gxf5
31. gxf5 d4 32. Rdf1 exf5 33. Rxf5 f6 34. exf6 gxf6 35. Kg2 Re6 36. R1f2 Re3
37. R5f3 Re5 38. Kf1 Kg7 39. Re2 Rxe2 40. Kxe2 Kg6 41. Rg3+ Kh6 42. Kf3 Bd6 43.
Rg8 Bh2 44. Rc8 Bd6 45. Rc6 Be7 46. Rc7 Bd8 47. Rxc5 Kg6 48. Rd5 Bb6 49. h4 Kf7
50. h5 Kg8 51. Kg4 Kf7 52. Kf5 Bc7 53. Rd7+ 1-0

[Event "19e tournoi de Noël"]
[Site "Montigny le Bretonneux"]
[Date "2018.12.29"]
[Round "6.11"]
[White "Mongey, Alain"]
[Black "Suinot, Laurent"]
[Result "1/2-1/2"]
[WhiteElo "1573"]
[BlackElo "1712"]
[Annotator "Rivier,Sylvain"]
[PlyCount "66"]
[EventDate "2018.??.??"]

{Ouverture anglaise, variante symétrique} 1. d4 c5 2. Nf3 cxd4 3. Nxd4 Nf6 4.
e3 a6 5. c4 e6 6. Nc3 d5 7. a3 Be7 8. b4 O-O 9. Be2 dxc4 10. Bxc4 b5 11. Be2
Bb7 12. O-O Nbd7 13. Bf3 Qc7 14. Bb2 Ne5 15. Bxb7 Qxb7 16. Qe2 Rac8 17. Rfd1
Nc4 18. Rab1 Nxa3 19. Bxa3 Rxc3 20. Nb3 Rfc8 21. Rd4 R3c4 22. Na5 Rc2 23. Qxc2
Qxg2+ 24. Kxg2 Rxc2 25. Rbd1 g6 26. Rc1 Ra2 27. Rd3 Ng4 28. Rf1 Bh4 29. Kh3
Nxf2+ 30. Rxf2 Bxf2 31. Nc6 Bg1 32. Nb8 Bxh2 33. Nxa6 Be5 1/2-1/2

[Event "19e tournoi de Noël"]
[Site "Montigny le Bretonneux"]
[Date "2018.12.29"]
[Round "6.12"]
[White "Chaintreau, Thomas"]
[Black "Couradin, Jean-Marie"]
[Result "1-0"]
[WhiteElo "1402"]
[BlackElo "1563"]
[Annotator "Rivier,Sylvain"]
[PlyCount "74"]
[EventDate "2018.??.??"]

{Gambit Blumenfeld} 1. d4 Nf6 2. c4 e6 3. Nf3 c5 4. e3 cxd4 5. exd4 b6 6. Be2
Bb7 7. O-O Be7 8. Nc3 O-O 9. Bg5 Nc6 10. d5 exd5 11. cxd5 Nxd5 12. Qxd5 Na5 13.
Bxe7 Qxe7 14. Qd2 Rfe8 15. Rfe1 Qc5 16. Qd4 Re6 17. b4 Qxd4 18. Nxd4 Rg6 19.
bxa5 Bxg2 20. Bh5 Rg5 21. f4 Rxh5 22. Kxg2 Rxa5 23. Re7 Rd8 24. Rae1 Kf8 25.
R7e5 Ra3 26. Ndb5 Ra5 27. Nd6 Rxe5 28. Rxe5 f6 29. Re4 a6 30. Nd5 b5 31. Nc7 g6
32. Nxa6 Ra8 33. Nb4 Ra7 34. Nxb5 Rb7 35. a4 f5 36. Rc4 Ke7 37. Rc7 Rb6 1-0

[Event "19e tournoi de Noël"]
[Site "Montigny le Bretonneux"]
[Date "2018.12.29"]
[Round "6.13"]
[White "Benbakir, Ameur"]
[Black "Chaintreau, Cedric"]
[Result "1-0"]
[WhiteElo "1619"]
[BlackElo "1399"]
[Annotator "Rivier,Sylvain"]
[PlyCount "93"]
[EventDate "2018.??.??"]

{Partie italienne} 1. e4 e5 2. Nf3 Nc6 3. Bc4 h6 4. Nc3 Bc5 5. O-O d6 6. h3 Nf6
7. a3 O-O 8. d3 Nd4 9. Nxd4 Bxd4 10. Ne2 d5 11. exd5 Nxd5 12. Nxd4 exd4 13. Qf3
Be6 14. Bd2 b6 15. Rfe1 Qd7 16. Qg3 Kh8 17. Re2 Rae8 18. Rae1 c6 19. Qh4 Qe7
20. Qxd4 Qf6 21. Qxf6 Nxf6 22. Bxe6 fxe6 23. Rxe6 c5 24. Kh2 Kg8 25. Bc3 Kf7
26. Rxe8 Nxe8 27. Re5 Kg6 28. f3 Nf6 29. Re6 Kf7 30. Re2 Nd5 31. Bd2 Nf6 32. g4
Nd5 33. Kg3 g5 34. Re5 Ne7 35. h4 Ng6 36. Rf5+ Ke6 37. Rxf8 Nxf8 38. hxg5 hxg5
39. Bxg5 Nh7 40. Bh4 Kf7 41. f4 Nf8 42. f5 Nd7 43. Kf4 Nf6 44. Bxf6 Kxf6 45.
g5+ Kf7 46. Ke5 a5 47. Kd5 1-0

[Event "19e tournoi de Noël"]
[Site "Montigny le Bretonneux"]
[Date "2018.12.29"]
[Round "6.14"]
[White "Baltzer, Jean-Marc"]
[Black "Masson, Guillaume"]
[Result "0-1"]
[WhiteElo "1388"]
[BlackElo "1553"]
[Annotator "Rivier,Sylvain"]
[PlyCount "94"]
[EventDate "2018.??.??"]

{OUver Ouverture anglaise, défense Caro-Kann} 1. c4 e6 2. Nc3 d5 3. e3 Nf6 4.
Nf3 Nbd7 5. b3 Bd6 6. Bb2 c6 7. Qc2 O-O 8. Ne2 b6 9. Ng3 Qc7 10. d4 dxc4 11.
bxc4 c5 12. Bd3 cxd4 13. Nxd4 Ba6 14. Nb5 Bb4+ 15. Ke2 Bxb5 16. cxb5 Qxc2+ 17.
Bxc2 Rac8 18. Rac1 Nd5 19. Ne4 h6 20. Rhd1 f5 21. Nd2 Nc3+ 22. Bxc3 Rxc3 23.
Nb1 Rc7 24. Bb3 Nc5 25. a3 Ba5 26. Rd6 Re7 27. Bc2 Kf7 28. Rcd1 Rfe8 29. Kf3 g5
30. h3 h5 31. g4 fxg4+ 32. hxg4 h4 33. Rd8 Rxd8 34. Rxd8 Nb7 35. Rd1 Nc5 36.
Ke2 Rc7 37. Nd2 Bxd2 38. Rxd2 Rd7 39. Bd3 Rxd3 40. Rxd3 Nxd3 41. Kf1 Ne5 42. f4
gxf4 43. exf4 Nxg4 44. Kg2 Kg6 45. Kf3 h3 46. Kg3 h2 47. Kg2 Kf5 0-1

[Event "19e tournoi de Noël"]
[Site "Montigny le Bretonneux"]
[Date "2018.12.29"]
[Round "6.15"]
[White "Klein, Djimmy"]
[Black "Saint-Leger, Stephane"]
[Result "0-1"]
[WhiteElo "1524"]
[BlackElo "1399"]
[Annotator "Rivier,Sylvain"]
[PlyCount "106"]
[EventDate "2018.??.??"]

{Défense hollandaise} 1. d4 e6 2. c4 b6 3. Nf3 Bb7 4. g3 f5 5. Bg2 Nf6 6. O-O
Be7 7. Nc3 O-O 8. d5 Na6 9. a3 Nc5 10. b4 Nce4 11. Nxe4 Nxe4 12. Bb2 Bf6 13.
Ne5 exd5 14. cxd5 Qe8 15. Nc4 Bxb2 16. Nxb2 Qe5 17. Nc4 Qxd5 18. Qb3 b5 19.
Rfd1 Qxc4 20. Qxc4+ bxc4 21. Rxd7 Rf7 22. Rad1 Bc6 23. R7d4 Bb5 24. Bxe4 fxe4
25. Rxe4 Re8 26. Rxe8+ Bxe8 27. f4 Rd7 28. Rc1 Bf7 29. Rc3 g6 30. h3 h5 31. Kf2
Kg7 32. g4 h4 33. e4 Kf6 34. g5+ Ke7 35. f5 gxf5 36. exf5 Rd5 37. Rf3 Kd6 38.
g6 Bxg6 39. fxg6 Rg5 40. Rf6+ Kd5 41. Rf4 Rxg6 42. Rxh4 Re6 43. Rg4 c3 44. h4
c2 45. Rg1 Kc4 46. h5 Kc3 47. Rg7 Kb2 48. Rxc7 c1=Q 49. Rxc1 Kxc1 50. a4 Rh6
51. b5 Rxh5 52. Ke3 Rc5 53. Kf3 Kc2 0-1

[Event "19e tournoi de Noël"]
[Site "Montigny le Bretonneux"]
[Date "2018.12.29"]
[Round "6.16"]
[White "Touiller, Thibault"]
[Black "Gabard, Adrien"]
[Result "0-1"]
[WhiteElo "1087"]
[BlackElo "1494"]
[Annotator "Rivier,Sylvain"]
[PlyCount "112"]
[EventDate "2018.??.??"]

{Défense hollandaise} 1. d4 f5 2. c4 Nf6 3. Nc3 d5 4. e3 e6 5. Nf3 c6 6. cxd5
exd5 7. Bd3 Bb4 8. O-O O-O 9. a3 Bxc3 10. bxc3 Ne4 11. Bxe4 fxe4 12. Ne5 Qg5
13. Kh1 Rf6 14. f3 exf3 15. Nxf3 Qh5 16. Ne5 Qxd1 17. Rxd1 Nd7 18. Nxd7 Bxd7
19. Rb1 Raf8 20. Kg1 b6 21. Bb2 Rf2 22. Rf1 Re2 23. Rxf8+ Kxf8 24. Rf1+ Kg8 25.
Bc1 Rc2 26. c4 Rxc4 27. Re1 Bf5 28. Kf2 Be4 29. Kg3 Rc2 30. Rg1 g6 31. Kf4 Kf7
32. h3 Kf6 33. g4 Rf2+ 34. Kg3 Rf3+ 35. Kh2 g5 36. Rg3 Rf1 37. Rg1 Rxg1 38.
Kxg1 c5 39. dxc5 bxc5 40. Bb2+ Ke6 41. Kf2 c4 42. Bd4 a6 43. Kg3 Bg6 44. h4
gxh4+ 45. Kxh4 Kd6 46. Kg5 Kc6 47. Kf4 Kb5 48. Ke5 Be4 49. Bb2 Ka4 50. Kd4 Kb3
51. Bc3 Kxa3 52. g5 Ka4 53. Kc5 a5 54. Kd4 Kb5 55. Bxa5 Kxa5 56. Kc3 Ka4 0-1

[Event "19e tournoi de Noël"]
[Site "Montigny le Bretonneux"]
[Date "2018.12.29"]
[Round "6.17"]
[White "Longbien, Dominique"]
[Black "Chaintreau, Maxime"]
[Result "0-1"]
[WhiteElo "1468"]
[BlackElo "1318"]
[Annotator "Rivier,Sylvain"]
[PlyCount "164"]
[EventDate "2018.??.??"]

{Partie italienne} 1. e4 e5 2. Nf3 Nc6 3. Bc4 Bc5 4. O-O Nf6 5. Nc3 d6 6. h3
O-O 7. d3 h6 8. Be3 Bxe3 9. fxe3 Be6 10. Bb3 Qe7 11. Qe2 Bd7 12. Rf2 Na5 13.
Nd5 Nxd5 14. Bxd5 c6 15. Bb3 Nxb3 16. axb3 Kh7 17. Raf1 Be6 18. c4 Qf6 19. Nd4
Qg6 20. Nf5 Rad8 21. Kh2 h5 22. Rf3 Bxf5 23. Rxf5 Rd7 24. R1f3 h4 25. Qf2 Qh6
26. d4 exd4 27. exd4 Re7 28. R3f4 Kg8 29. Rxh4 Qg6 30. Rfh5 f6 31. Rh8+ Kf7 32.
Rg4 Rxh8 33. Rxg6 Kxg6 34. Qg3+ Kf7 35. Qxd6 Rxe4 36. Qd7+ Re7 37. Qf5 Rd8 38.
Qc5 b6 39. Qh5+ Kg8 40. Qg4 Kf7 41. b4 Red7 42. Qe4 Rd6 43. Kg3 Re6 44. Qf4
Red6 45. Qe4 R8d7 46. c5 Re6 47. Qg4 Rd5 48. Qf4 Re7 49. Kf3 g6 50. Qd2 Kg7 51.
Qc2 bxc5 52. dxc5 Rde5 53. Qa4 Re3+ 54. Kf2 Re2+ 55. Kg3 Rxb2 56. Qxc6 Rb3+ 57.
Kh2 Rxb4 58. Qd6 Rbb7 59. c6 Rbc7 60. Qd5 Rc8 61. Qd6 Rec7 62. Qc5 a6 63. Qe3
Rxc6 64. Qe7+ Kh6 65. Qe3+ Kg7 66. Qe7+ Kg8 67. Qd7 R8c7 68. Qd8+ Kg7 69. Qa8
Re6 70. Qb8 Ree7 71. Qa8 Ra7 72. Qb8 a5 73. Qb2 a4 74. Qa3 Reb7 75. h4 Rb3 76.
Qa2 Rb4 77. g3 a3 78. Kh3 Rb2 79. Qa1 Rd2 80. Kg4 a2 81. h5 Rd1 82. hxg6 Rxa1
0-1

[Event "19e tournoi de Noël"]
[Site "Montigny le Bretonneux"]
[Date "2018.12.29"]
[Round "6.18"]
[White "Couradin, Bruno"]
[Black "Rafalimanana, Hary"]
[Result "1-0"]
[WhiteElo "1610"]
[BlackElo "1162"]
[Annotator "Rivier,Sylvain"]
[PlyCount "37"]
[EventDate "2018.??.??"]

{Défense française, variante d'échange} 1. e4 e6 2. d4 b6 3. c4 c5 4. d5 Qc7 5.
Nc3 a6 6. Nf3 f6 7. Bd3 e5 8. O-O Ne7 9. Nh4 Kd8 10. f4 Ng6 11. Nxg6 hxg6 12.
fxe5 fxe5 13. Rf7 Qd6 14. Qf3 Rh5 15. Rxf8+ Kc7 16. Rf7 Ra7 17. Rxg7 Kb7 18.
Qf7 Ka8 19. Rxg6 1-0

[Event "19e tournoi de Noël"]
[Site "Montigny le Bretonneux"]
[Date "2018.12.29"]
[Round "6.19"]
[White "Touiller, Wiktor"]
[Black "Plancade, Philajit"]
[Result "0-1"]
[WhiteElo "1299"]
[BlackElo "1154"]
[Annotator "Rivier,Sylvain"]
[PlyCount "158"]
[EventDate "2018.??.??"]

{Partie italienne} 1. e4 e5 2. Nf3 Nc6 3. Bc4 Bc5 4. O-O Nf6 5. Nc3 O-O 6. d3
d6 7. Nd5 Nxd5 8. Bxd5 Be6 9. Bxc6 bxc6 10. d4 exd4 11. Nxd4 Qd7 12. Nxe6 fxe6
13. e5 Rab8 14. b3 Rf7 15. Bb2 Rbf8 16. Bd4 Bb6 17. Bxb6 cxb6 18. Qxd6 Qxd6 19.
exd6 Rd7 20. Rad1 Rfd8 21. f4 Rxd6 22. Rxd6 Rxd6 23. c4 Rd2 24. a4 Rd3 25. Re1
Kf7 26. Rb1 Kf6 27. g4 g5 28. Rf1 Rxb3 29. f5 e5 30. Rd1 c5 31. Rd6+ Ke7 32.
Re6+ Kf7 33. Rxe5 Rb4 34. a5 Rxc4 35. axb6 axb6 36. h3 b5 37. Re6 b4 38. Rh6
Kg7 39. Rb6 Rc3 40. Rb7+ Kf6 41. Rxh7 b3 42. Rh6+ Kg7 43. Rg6+ Kf7 44. Rb6 Rxh3
45. f6 Rg3+ 46. Kf2 Rxg4 47. Rxb3 Rf4+ 48. Kg3 Rxf6 49. Rc3 Rf5 50. Kg4 Re5 51.
Kh5 Kf6 52. Rf3+ Rf5 53. Ra3 c4 54. Ra6+ Ke5 55. Ra5+ Ke4 56. Ra3 Kd4 57. Kg4
Rc5 58. Ra4 Kd3 59. Ra3+ c3 60. Kf3 Kd2 61. Ra8 c2 62. Rd8+ Kc1 63. Ke2 Rb5 64.
Rd2 Kb1 65. Rxc2 Kxc2 66. Kf3 Rb4 67. Kg3 Kd2 68. Kf3 Kd3 69. Kg3 Rf4 70. Kh3
Rf1 71. Kg3 g4 72. Kxg4 Ke4 73. Kg5 Ke5 74. Kg4 Rf8 75. Kg5 Rg8+ 76. Kh6 Rg1
77. Kh7 Kf6 78. Kh8 Kf7 79. Kh7 Rh1# 0-1

[Event "19e tournoi de Noël"]
[Site "Montigny le Bretonneux"]
[Date "2018.12.29"]
[Round "6.20"]
[White "Boucher, Francis"]
[Black "Meunier, Mathieu"]
[Result "1-0"]
[WhiteElo "1148"]
[BlackElo "1150"]
[Annotator "Rivier,Sylvain"]
[PlyCount "82"]
[EventDate "2018.??.??"]

{Gambit dame, défense slave} 1. d4 d5 2. c4 c6 3. Nf3 Nf6 4. e3 Bf5 5. Nc3 e6
6. Nh4 Bg4 7. Be2 Bf5 8. Nxf5 exf5 9. cxd5 cxd5 10. f3 Bd6 11. Qc2 Qd7 12. Bd2
O-O 13. b3 Nc6 14. Qb2 Rfe8 15. Bb5 Rad8 16. O-O-O Qe7 17. Kb1 Ba3 18. Qa1 Nb4
19. Bxe8 Qxe8 20. Bc1 Bxc1 21. Rxc1 Qxe3 22. Rhd1 Rc8 23. Re1 Qf4 24. Qb2 Qxh2
25. a3 Nc6 26. b4 Rf8 27. Qf2 Qh6 28. Re2 Qg6 29. Kb2 f4 30. Rce1 a6 31. b5 Na5
32. Re7 Nc4+ 33. Kb3 Nd6 34. Na4 Nc8 35. Rxb7 Qd3+ 36. Nc3 Nd6 37. Rb6 Nc8 38.
Rxa6 Qc4+ 39. Kc2 h6 40. Rc6 Qxc6 41. bxc6 g5 1-0